Aa Bhavam Athennilundo (Record no. 51764)

MARC details
000 -LEADER
fixed length control field 00430nam a2200145Ia 4500
008 - FIXED-LENGTH DATA ELEMENTS--GENERAL INFORMATION
fixed length control field 211109s9999||||xx |||||||||||||| ||und||
082 ## - DEWEY DECIMAL CLASSIFICATION NUMBER
Classification number 894.8123
Item number CHE-A
100 ## - MAIN ENTRY--PERSONAL NAME
Personal name Kottayil, Cheriyan
245 #0 - TITLE STATEMENT
Title Aa Bhavam Athennilundo
260 ## - PUBLICATION, DISTRIBUTION, ETC.
Name of publisher, distributor, etc. DC Books
Place of publication, distribution, etc. Kottayam
Date of publication, distribution, etc. 1997
300 ## - PHYSICAL DESCRIPTION
Extent 194p
630 ## - SUBJECT ADDED ENTRY--UNIFORM TITLE
General subdivision General stack
650 ## - SUBJECT ADDED ENTRY--TOPICAL TERM
Topical term or geographic name entry element Malayalam literature
942 ## - ADDED ENTRY ELEMENTS (KOHA)
Koha item type BOOK
650 ## - SUBJECT ADDED ENTRY--TOPICAL TERM
Form subdivision Malayalam novel
General subdivision malayalam fictionLiterature & rhetoricMalayalam
Holdings
Withdrawn status Lost status Damaged status Not for loan Home library Current library Date acquired Cost, normal purchase price Total Checkouts Full call number Barcode Shelving location Date last seen Price effective from Koha item type
        SB LIBRARY SB LIBRARY 09/11/2021 100.00   894.8123 CHE-A 00093995 GENERAL STACK 09/11/2021 09/11/2021 BOOK

Powered by Koha